| Tag |
First Indicator |
Second Indicator |
Subfields |
| LEADER |
00000cam a2200000 a 4500 |
| 001 |
in00000007236 |
| 005 |
20151005060014.0 |
| 008 |
861017s1987 nyu d 00010 eng |
| 010 |
|
|
|a 86024366
|
| 020 |
|
|
|a 0816012679 :
|c $18.95
|
| 035 |
|
|
|a (OCoLC)14588507
|
| 035 |
|
|
|9 AAA1718AM
|
| 040 |
|
|
|a DLC
|c DLC
|d TXA
|d UtOrBLW
|
| 049 |
|
|
|a TXAF
|c [A12575343]
|
| 050 |
0 |
0 |
|a PN43
|b .L37 1987
|
| 082 |
0 |
|
|a 803
|2 19
|
| 100 |
1 |
|
|a Lass, Abraham H.
|q (Abraham Harold),
|d 1907-2001.
|
| 245 |
1 |
4 |
|a The Facts on File dictionary of classical, biblical, and literary allusions /
|c Abraham H. Lass, David Kiremidjian, Ruth M. Goldstein.
|
| 264 |
|
1 |
|a New York, N.Y. :
|b Facts on File,
|c [1987]
|
| 264 |
|
4 |
|c ©1987
|
| 300 |
|
|
|a viii, 240 pages ;
|c 24 cm.
|
| 336 |
|
|
|a text
|b txt
|2 rdacontent
|
| 337 |
|
|
|a unmediated
|b n
|2 rdamedia
|
| 338 |
|
|
|a volume
|b nc
|2 rdacarrier
|
| 650 |
|
0 |
|a Allusions
|v Dictionaries.
|
| 700 |
1 |
|
|a Kiremidjian, David,
|d 1936-
|
| 700 |
1 |
|
|a Goldstein, Ruth M.
|
| 740 |
0 |
|
|a Dictionary of classical, biblical, and literary allusions.
|
| 999 |
|
|
|a MARS
|
| 999 |
f |
f |
|s 9bf4473d-61f9-3475-955a-585e1f4048ae
|i c65eaea5-8f79-38ef-a956-e03bebca5d91
|t 0
|
| 952 |
f |
f |
|p ric
|a Texas A&M University
|b Rellis Campus
|c Joint Library Facility
|d Remote Storage
|t 0
|e PN43 .L37 1987
|h Library of Congress classification
|i unmediated -- volume
|m A14812575343
|
| 998 |
f |
f |
|a PN43 .L37 1987
|t 0
|l Remote Storage
|